Statistiques concernant Top 20 des villes les plus peuplées d'Oregon

Cliquez ici pour prendre le quiz!

Statistiques générales

  • Ce quiz a été pris 5 fois
  • Le résultat moyen est 2 sur 20

Statistiques - réponses

PopulationVilles% Correct
609 456Portland
100%
159 190Eugene
40%
160 614Salem
20%
51 583Albany
0%
93 542Beaverton
0%
81 236Bend
0%
55 298Corvallis
0%
35 076Grants Pass
0%
109 397Gresham
0%
97 368Hillsboro
0%
37 064Keizer
0%
37 610Lake Oswego
0%
33 131McMinnville
0%
77 677Medford
0%
34 622Oregon City
0%
26 215Redmond
0%
60 177Springfield
0%
50 444Tigard
0%
26 054Tualatin
0%
25 109West Linn
0%

Distribution des résultats

Percentile par nombre de réponses

% des personnes avec chaque résultat

Votre développement - résultats

Vous n’avez pas pris ce quiz